00978nam a2200229Ia 4500008004100000020001800041050002300059100004300082245006600125250001800191260003400209300002100243336001000264337001400274338001200288505021100300519008300511650002000594942000700614952011000621999001700731120625s2011 mx A 000 0 spa d a9786071707789 aHD7841 bC277 2011 aCavazos Flores, Baltazareautordautor13aEl Derecho del Trabajo mexicano c / Baltazar Cavazos Flores  a2a. edición aMéxico b : Trillasc, 2011 a190 páginasc  atexto asin medio avolumen aPerspectivas laborales, económicas y políticas para fines del milenio ¿Cuál es en realidad la verdadera finalidad del Derecho Laboral? Faltas injustificadas al trabajo y su verdadera interpretación aEducación Mixta / bDerecho / cDerecho del Trabajo I (P10-3) /d(03 006667)10aDERECHO LABORAL cLB 00104070a03b03d2014-05-20l2oHD7841 C277 2011p03 006667r2017-10-30s2017-10-30t1w2014-05-20yLB c92822d92822